| 000 | 01194nam a2200253Ia 4500 | ||
|---|---|---|---|
| 003 | Ost | ||
| 005 | 20260507074920.0 | ||
| 008 | 260507s9999||||xx |||||||||||||| ||und|| | ||
| 020 | _a9789957121884? | ||
| 040 | _cfsecg | ||
| 041 | _aara | ||
| 082 | _a657 | ||
| 100 |
_aالجزراوي، ابراهيم _eمؤلف |
||
| 245 | 0 |
_aأساسيات نظم المعلومات المحاسبية / _c ابراهيم الجزراوي |
|
| 260 |
_aعمان: _bدار اليازوري, _c2009 |
||
| 300 |
_a257 صفحة؛ _bإيضاحات ؛ _c25 سم |
||
| 504 | _aببليوغرافيا: ص.257 | ||
| 520 | _aمدخل الى نظم المعلومات المحاسبية، تقنيات تطوير وتوثيق نظم المعلومات، المدخل الى معالجة العمليات، دورة الايرادات، دورة النفقات، دورة الانتاج، أنظمة الاستاذ العام والتقرير الابلاغ المالي | ||
| 653 | _aالايرادات والنفقات | ||
| 653 | _aالمحاسبة | ||
| 653 | _aنظم المعلومات- المؤسسة الممتدة | ||
| 700 |
_aالجنابي، عامر _eمؤلف ثانوي |
||
| 942 | _cكتاب | ||
| 999 |
_c41796 _d41796 |
||